FILM KIT-VIDEO EFFECTS (Record no. 490633)
[ view plain ]
| 000 -LEADER | |
|---|---|
| fixed length control field | 00431nam a22001457a 4500 |
| 082 ## - DEWEY DECIMAL CLASSIFICATION NUMBER | |
| Classification number | BESE-1 RAS |
| 100 ## - MAIN ENTRY--PERSONAL NAME | |
| Personal name | IQRA RASTEE |
| 9 (RLIN) | 93182 |
| 245 ## - TITLE STATEMENT | |
| Title | FILM KIT-VIDEO EFFECTS |
| 260 ## - PUBLICATION, DISTRIBUTION, ETC. | |
| Place of publication, distribution, etc. | ISLAMABAD |
| Name of publisher, distributor, etc. | NUST-SEECS |
| Date of publication, distribution, etc. | 2014 |
| 300 ## - PHYSICAL DESCRIPTION | |
| Extent | 83p. |
| Accompanying material | CD INCLUDES |
| 500 ## - GENERAL NOTE | |
| General note | ADVISORS: MUHAMMAD QAISAR CHOUDHARY, MELANIE MOLLER |
| 700 ## - ADDED ENTRY--PERSONAL NAME | |
| Personal name | TAYYABA NAZ |
| 9 (RLIN) | 93183 |
| 856 ## - ELECTRONIC LOCATION AND ACCESS | |
| Uniform Resource Identifier | <a href="http://10.250.8.41:8080/xmlui/handle/123456789/6842">http://10.250.8.41:8080/xmlui/handle/123456789/6842</a> |
| 942 ## - ADDED ENTRY ELEMENTS (KOHA) | |
| Koha item type | Project Report |
| Source of classification or shelving scheme | |
| Withdrawn status | Lost status | Source of classification or shelving scheme | Damaged status | Not for loan | Permanent Location | Current Location | Shelving location | Date acquired | Source of acquisition | Full call number | Barcode | Date last seen | Price effective from | Koha item type |
|---|---|---|---|---|---|---|---|---|---|---|---|---|---|---|
| WITHDRAWN | Central Library (CL) | Central Library (CL) | General Stacks | 01/18/2017 | NUST-SEECS | BESE-1 RAS | SEECSP01959 | 01/18/2017 | 01/18/2017 | Project Report |
